MONASTICA. N. I-IV. ANNO VII, VIII. IX. 1966-1967-1968. BOLLETTINO MONASTERO S. SCOLASTICA CIVIT. S. PAOLO, ROMA. (Record n. 320820)
[ formato base ]
| 000 -LEADER | |
|---|---|
| fixed length control field | 01881nas a2200277Ia 4500 |
| 001 - CONTROL NUMBER | |
| control field | R240-R2721 |
| 003 - CONTROL NUMBER IDENTIFIER | |
| control field | IT-CnALBA |
| 008 - FIXED-LENGTH DATA ELEMENTS--GENERAL INFORMATION | |
| fixed length control field | 170116c99999999xx |||||||||||| ||und|| |
| 040 ## - CATALOGING SOURCE | |
| Original cataloging agency | IT-CnALBA |
| Transcribing agency | IT-CnALBA |
| 041 ## - LANGUAGE CODE | |
| Language code of text/sound track or separate title | ITALIANO |
| 999 ## - SYSTEM CONTROL NUMBERS (KOHA) | |
| Koha Dewey Subclass [OBSOLETE] | NO |
| 100 ## - MAIN ENTRY--PERSONAL NAME | |
| Personal name | LOEW JACQUES, SACERDOTE. |
| 210 ## - ABBREVIATED TITLE | |
| Abbreviated title | MONASTICA |
| 222 ## - KEY TITLE | |
| Key title | MONASTICA |
| 245 #0 - TITLE STATEMENT | |
| Title | MONASTICA. N. I-IV. ANNO VII, VIII. IX. 1966-1967-1968. BOLLETTINO MONASTERO S. SCOLASTICA CIVIT. S. PAOLO, ROMA. |
| 250 ## - EDITION STATEMENT | |
| Edition statement | 1a ed. |
| 260 ## - PUBLICATION, DISTRIBUTION, ETC. (IMPRINT) | |
| Place of publication, distribution, etc. | ROMA |
| Name of publisher, distributor, etc. | NUOVA GRAFICA ROMANA TIPOGR. |
| Date of publication, distribution, etc. | 1966 |
| 300 ## - PHYSICAL DESCRIPTION | |
| Extent | 44 p. |
| 310 ## - CURRENT PUBLICATION FREQUENCY | |
| Current publication frequency | TRIMESTRALE |
| 362 ## - DATES OF PUBLICATION AND/OR SEQUENTIAL DESIGNATION | |
| Dates of publication and/or sequential designation | Fascicolo: 1-4 / Anno: 7 (1966) |
| 500 ## - GENERAL NOTE | |
| General note | BONTÀ DI DIO NELLA CREAZIONE. BONTÀ DELL'ARTE. BONTÀ DELL'UOMO DELLA SUA GRANDEZZA E MISERIA. DEVAUX DOM E. SEQUELA. FEDE NELL'AMORE. VIII SACRAMENTO. GLI INUTILI. SEPARAZIONE PER L'UNIONE. I CIPRESSI. CONTEMPLAZIONE DEL MONDO. MARITAIN R. BALDUCCI E. DESEILLE DOM PL. SCHIMA ARCHIMANDRITA. BRICIOLE DI SAPIENZA. CONTEMPLAZIONE. LA CONDIZIONE DI CREATURA. IL RESTO DI ISRAELE. UMILTÀ LODE DI DIO. COMUNITÀ MONASTICA. I MAGI NATALE. PARTECIPAZIONE ATTIVA DELLA LITURGIA. RISURREZIONE SACRAMENTO DEL QUOTIDIANO. |
| 501 ## - WITH NOTE | |
| With note | Società San Paolo EM - Piazza San Paolo, 14 - 12051 ALBA (CN) (non commercial uses only) ® Copyright 2017 |
| 520 ## - SUMMARY, ETC. | |
| Summary, etc. | BONTÀ DI DIO NELLA CREAZIONE. BONTÀ DELL'ARTE. BONTÀ DELL'UOMO DELLA SUA GRANDEZZA E MISERIA. DEVAUX DOM E. SEQUELA. FEDE NELL'AMORE. VIII SACRAMENTO. GLI INUTILI. SEPARAZIONE PER L'UNIONE. I CIPRESSI. CONTEMPLAZIONE DEL MONDO. MARITAIN R. BALDUCCI E. DESEILLE DOM PL. SCHIMA ARCHIMANDRITA. BRICIOLE DI SAPIENZA. CONTEMPLAZIONE. LA CONDIZIONE DI CREATURA. IL RESTO DI ISRAELE. UMILTÀ LODE DI DIO. COMUNITÀ MONASTICA. I MAGI NATALE. PARTECIPAZIONE ATTIVA DELLA LITURGIA. RISURREZIONE SACRAMENTO DEL QUOTIDIANO. |
| 650 ## - SUBJECT ADDED ENTRY--TOPICAL TERM | |
| Topical term or geographic name as entry element | TEOLOGIA SPIRITUALE |
| 942 ## - ADDED ENTRY ELEMENTS (KOHA) | |
| Koha item type | RIVISTA |
| 957 ## - | |
| -- | 1 |
| 999 ## - SYSTEM CONTROL NUMBERS (KOHA) | |
| -- | 1 |
| Withdrawn status | Lost status | Damaged status | Not for loan | Home library | Current library | Date acquired | Total Checkouts | Full call number | Date last seen | Price effective from | Koha item type | Public note |
|---|---|---|---|---|---|---|---|---|---|---|---|---|
| Buone Condizioni | Not For Loan | ALBA - Biblioteca | ALBA - Biblioteca | 16/01/2017 | R240-R2721 | 16/01/2017 | 16/01/2017 | RIVISTA | (data import: 16 gennaio 2017) - By Epidotti, Vaglietti. |